00821nam a2200181 a 4500008004100000020001800041050001600059100001800075245005500093260006400148300003700212350001000249650002700259650002500286995017600311999001700487952013500504191129s2016 ||||||||||||||||| || u a9789351524229 aRC 86.8 Gur aGurjar, Mohan10aManual of ICU procedures cEdited by Mohan Gurjar  aNew DelhibJaypee Brothers Medical Publishers (P) Ltdc2016 axxvi, 717 pages : illustrations  a57.22 aCRITICAL CARE MEDICINE aINTENSIVE CARE UNITS aMEDICAL LIBRARY OPEN ACCESSe904563FCBU-SCHOOL OF MEDICINE LIBRARY (Ndola)I57.22jRC 86.8 GurM1UAVAILABLEWDec 13, 2019y904563ZMedical Library Open Access Collection c31967d31967 00102lcc4070a002b002cMedical Library Open Access Collectiond2022-11-30l0oRC 86.8 Gurp904563r2022-11-30w2022-11-30y002